Proposal for optional control of rubber nurseries in India (Discussion paper, Eco 4) (Record no. 44619)

MARC details
000 -LEADER
fixed length control field 00351nam a2200109Ia 4500
082 ## - DEWEY DECIMAL CLASSIFICATION NUMBER
Classification number NR:33ED4
Item number GEO
100 ## - MAIN ENTRY--AUTHOR NAME
Personal name GEORGE, KT
245 #0 - TITLE STATEMENT
Title Proposal for optional control of rubber nurseries in India (Discussion paper, Eco 4)
260 ## - PUBLICATION, DISTRIBUTION, ETC. (IMPRINT)
Place of publication Kottayam
Name of publisher Ruber Research Institute of India
Year of publication 2013
942 ## - ADDED ENTRY ELEMENTS (KOHA)
Koha item type Books
Holdings
Withdrawn status Lost status Damaged status Not for loan Home library Current library Date acquired Source of acquisition Full call number Accession Number Koha item type
        RRII Library RRII Library 16/12/2021 Gift NR:33ED4 GEO G01362 Books